000 00918cab a2200289 4500
001 ABS51369
008 090401t1994 xxu||||| |||| 00| 0 eng d
035 _a(Sirsi) u23589
041 _aeng
100 _aMcIntosh, A.
245 _aInflation: the property market myth
260 _c1994
350 _a0
490 _aEstates Gazette
_v(9439) 1 October 1994, 123-125(3)
520 _aConsiders factors affecting property investment performance including the relationship between inflation and the property market. Graphs.
650 _aPROPERTY-COMMERCIAL PROPERTY
650 _aINFLATION
650 _aINVESTMENT PERFORMANCE
650 _aPROPERTY CYCLES
650 _aPROPERTY INVESTMENT
650 _aRENTAL GROWTH
650 _aSEVEN YEAR CYCLE
650 _aYIELDS
690 _aPROPERTY-COMMERCIAL PROPERTY-COMMERCIAL PROPERTY FINANCE AND INVESTMENT
942 _n0
948 _c04/03/1997
999 _c15778
_d15778